000 01186cai a22002175a 4500
001 L140532
008 070926s2007 xxk g 000 0 eng d
035 _a(Sirsi) u140532
041 0 _aeng
110 2 _aLandmark Information Group
_94113
245 0 0 _aEnergy performance certificate and home condition report registers
_h[electronic resource]
520 _aEnables members of the public to locate domestic energy assessors and home inspectors, and to retrieve Energy Performance Certificates and Home Condition Reports. To find assessors and inspectors, a search can be a simple postcode, name parts, or an accreditation number. Contact details are returned. Certificates and reports can only be located by entering the correct report reference number.
590 _aKA NTK
650 2 4 _aRESIDENTIAL ENERGY PERFORMANCE CERTIFICATES
650 2 4 _aHOME INFORMATION PACKS
650 2 4 _aHOME CONDITION REPORTS
651 4 _aUnited Kingdom
_y
690 _aPROPERTY-RESIDENTIAL PROPERTY-ACQUISITION AND DISPOSAL OF RESIDENTIAL PROPERTY-HOME BUYING REFORM
856 4 0 _uhttps://www.hcrregister.com/Welcome
_zView the website free of charge at www.hcrregister.com...
942 _n0
999 _c120631
_d120631